Almudena Armenta : (Record no. 182420)

MARC details
000 -LEADER
campo de control de longitud fija 00922nam a2200241 i 4500
001 - NÚMERO DE CONTROL
campo de control 182420
003 - IDENTIFICADOR DE NÚMERO DE CONTROL
campo de control ES-MaACL
005 - FECHA Y HORA DE LA ÚLTIMA TRANSACCIÓN
campo de control 20251104171558.0
008 - DATOS DE LONGITUD FIJA--INFORMACIÓN GENERAL
campo de control de longitud fija 130813s1988 sp a | |||||||| | spa d
080 ## - NÚMERO DE LA CLASIFICACIÓN DECIMAL UNIVERSAL
Número de la Clasificación Decimal Universal 73 Armenta Deu, Almudena (083.824)
100 1# - ENTRADA PRINCIPAL--NOMBRE DE PERSONA
Nombre de persona Armenta Deu, Almudena,
Fechas asociadas al nombre 1957-
9 (RLIN) 153232
245 10 - MENCIÓN DEL TÍTULO
Título Almudena Armenta :
Resto del título Madrid, mayo-junio 1988 : [Galería Víctor Martín] /
Mención de responsabilidad, etc. [texto, Dionisio Cañas].
260 ## - PUBLICACIÓN, DISTRIBUCIÓN, ETC.
Lugar de publicación, distribución, etc. Madrid :
Nombre del editor, distribuidor, etc. Galería Víctor Martín,
Fecha de publicación, distribución, etc. D.L. 1988.
300 ## - DESCRIPCIÓN FÍSICA
Extensión [20] p. :
Otras características físicas principalmente il. col. y n. ;
Dimensiones 27 cm.
546 ## - NOTA DE IDIOMA
Nota de lengua/lenguaje Texto en español y traducción al inglés.
600 17 - PUNTO DE ACCESO ADICIONAL DE MATERIA--NOMBRE DE PERSONA
Nombre de persona Armenta Deu, Almudena,
Fechas asociadas al nombre 1957-
Subdivisión de forma Exposiciones
Fuente del encabezamiento o término
9 (RLIN) 153233
655 #7 - TERMINO DE INDIZACIÓN--GENERO/FORMA
Fuente del término tgfbne
9 (RLIN) 193628
Datos o término principal de género/forma Catálogos de exposiciones
700 1# - ENTRADA AGREGADA--NOMBRE PERSONAL
Nombre de persona Cañas, Dionisio,
Fechas asociadas al nombre 1949-
9 (RLIN) 148731
710 2# - ENTRADA AGREGADA--NOMBRE DE ENTIDAD CORPORATIVA
Nombre de entidad corporativa o nombre de jurisdicción como elemento de entrada Galería Víctor Martín.
9 (RLIN) 4448
852 ## - LOCALIZACIÓN
Ubicación ES-MaACL
Número de control de estantería 2324-F-3
942 ## - ELEMENTOS DE ENTRADA SECUNDARIOS (KOHA)
Fuente del sistema de clasificación o colocación Clasificación decimal universal
Holdings
Estatus retirado Estado de pérdida Estado de daño No para préstamo Colección Biblioteca de origen Biblioteca actual Ubicación en estantería Fecha de adquisición Fuente de adquisición Total de préstamos Signatura topográfica completa Código de barras Visto por última vez Precio de reemplazo Tipo de ítem Koha
        Colección de folletos Biblioteca del Ateneo de Madrid Biblioteca del Ateneo de Madrid Depósito folletos 13/08/2013     2324-F-3 1191699 23/02/2023 23/02/2023 Folleto